Aproximación al estructuralismo /
Zapisane w:
| Kolejni autorzy: | |
|---|---|
| Format: | Książka |
| Język: | hiszpański |
| Wydane: |
Buenos Aires, Argentina :
Galerna,
1967
|
| Seria: | (Serie Mayor Galerna)
|
| Hasła przedmiotowe: | |
| Etykiety: |
Nie ma etykietki, Dołącz pierwszą etykiete!
|
MARC
| LEADER | 00000nam^a2200000^a^4500 | ||
|---|---|---|---|
| 001 | 000000157 | ||
| 005 | 20250521000000.0 | ||
| 009 | 20260310083015.895 | ||
| 037 | |a Acervo ITESO - Biblioteca | ||
| 041 | |a ESP | ||
| 082 | |a 149. 96 |b THI | ||
| 245 | 1 | 0 | |a Aproximación al estructuralismo / |c S. Thion... [et al.]. |
| 264 | 1 | |a Buenos Aires, Argentina : |b Galerna, |c 1967 | |
| 300 | |a 89 p. | ||
| 336 | |a texto |b txt |2 rdacontenido | ||
| 337 | |a sin mediación |b n |2 rdamedio | ||
| 338 | |a volumen |b nc |2 rdasoporte | ||
| 440 | 1 | |a (Serie Mayor Galerna) | |
| 649 | |a XX | ||
| 650 | |a Estructuralismo - |x Teoría - |x Tema Principal | ||
| 650 | |a Semiótica | ||
| 650 | |a Lingüística | ||
| 650 | |a Filosofía del Lenguaje | ||
| 700 | |a Thion, Serge |e (autor) | ||
| 910 | |a Fondo General | ||
| 920 | |a Impresos - Libros | ||
| 930 | |a Colección General | ||
| 905 | |a 101 | ||
| 901 | |a 0001570100 |b IT1 |c ACC |i 000157 |u 20250521 | ||
| 902 | |a https://opac.biblio.iteso.mx/vufind/Record/000000157 | ||